Widok standardowy
Widok MARC
Pozycja Geographic Name
Liczba rekordów, w których użyto hasła: 1
001 - Numer kontrolny
- control field: 40679
003 - Identyfikator numeru kontrolnego
- control field: NUKAT
005 - Data i czas ostatniej modyfikacji
- control field: 20260427140730.0
008 - Dane kontrolne kodowane (40 znaków)
- fixed length control field: 020913n||aaznnbabn |a ana |c
010 ## - Numer kontrolny Biblioteki Kongresu
- numer kontrolny LC: s 2002149037
040 ## - Instytucja sporządzająca rekord
- inst. przygot. dane do rek. khw: WR O/IS
- język haseł przedmiotowych/tezaurus: kaba
- inst. wprow. rek. khw: WR O/IS
151 ## - Hasło - nazwa geograficzna
- nazwa geograficzna: Republika Federalna Niemiec
- określnik rzeczowy: stosunki zagraniczne
- określnik geograficzny: Polska
- określnik chronologiczny: 1970-2000.